01159nas a2200229 i 4500003000900000005001700009007000300026008004100029040003000070041000800100110003100108245001600139264006700155300005200222336002700274337003400301338002800335362004600363500007500409500037200484650007300856DO-SdBNP20260630151416.0ta260630e1978 dr qn|p|r||||||0| | spa d aDO-SdBNPbspacBNPHUerda aspa aCentral Romana Corporation aEl Papagayo aSanto Domingo, República Dominicana : bEl Heraldo, c1978-. avolumen : bilustraciones, retratos , c28 cm.  atextobtxt2rdacontent asin mediación bn2rdamedia avolumenbnc2rdacarrier aAño 2. Número 5, agosto-octubre 1978. aCatalogación basada en el: Año 2. Número 5, agosto-octubre 1978. aUn cambio significativo en la dirección del Central Romana fue la designación del ingeniero Carlos Morales Trancoso como presidente de la empresa, y del ingeniero Eduardo Martínez Lima y del licenciado Ramón Menéndez, como vicepresidente ejecutivo, Durante esa época la empresa empezó el proceso de diversificación hacia otras áreas como el turismo. 0aEntretenimientovPublicaciones periódicas zRepública Dominicana